000 02400cam a2200289 4500500
005 20260111093058.0
041 _afre
042 _adc
100 1 0 _aJoin-Lambert, Arnaud
_eauthor
245 0 0 _aDe la consultation à l’Instrumentum laboris dans les synodes diocésains. Typologie des processus et perspectives
260 _c2022.
500 _a68
520 _aLes synodes diocésains sont devenus des processus commençant la plupart du temps par de vastes consultations des catholiques du diocèse. Ces réponses ainsi que les réflexions des équipes synodales servent de matériaux pour les assemblées synodales proprement dites. Elles constituent plus ou moins formellement des Instrumenta laboris selon la terminologie romaine. Or passer des consultations aux documents rédigés ne va pas de soi et pose de nombreuses difficultés. En étudiant des sources émanant de plusieurs synodes de par le monde, cet article esquisse une typologie. Cela permet de dégager des enseignements à retenir pour les futurs synodes diocésains et, dès à présent, pour la première phase du synode romain des évêques sur la synodalité.
520 _aDiocesan synods have become spaces for processes that usually begin with extensive consultations with Catholics in the diocese. The responses, together with the reflections of the synodal teams, are the material used in the actual synodal assemblies. According to Roman terminology this material constitutes, more or less formally, the Instrumentum laboris. However, moving from consultations to written documents is by no means obvious and poses many difficulties. By studying source material from a number of synods around the world, this article sketches out a typology. This makes it possible to draw some lessons for future diocesan synods and even for this first phase of the Roman Synod of Bishops on synodality.
690 _aconsultation
690 _aecclésiologie
690 _aInstrumentum laboris
690 _asynodalité
690 _asynode diocésain
690 _aconsultation
690 _adiocesan synod
690 _aecclesiology
690 _aInstrumentum laboris
690 _asynodality
786 0 _nNouvelle revue théologique | 144 | 2 | 2022-03-14 | p. 247-257 | 0029-4845
856 4 1 _uhttps://shs.cairn.info/revue-nouvelle-revue-theologique-2022-2-page-247?lang=fr&redirect-ssocas=7080
999 _c1625280
_d1625280